Spoza roztrhnutej opony - nielen opernej

Bibliographic Details
Main Author: Varkondová, Alia Krista, 1941-2021 (Author)
Other Authors: Bergerová, Xénia, 1977- (Illustrator)
Format: Book
Language:Slovak
PhysicalDescription:429 strán fotografie 31 cm
Published: [Bratislava] Štefan Vakonda 2020
ISBN:9788057019671
Edition:Prvé vydanie
Subjects:

MARC

LEADER 00000nam a2200000 4500
001 vtls011992320
003 SK-MaSNL
005 20260426010603.0
008 251029s2020 xo o f 000 0 slo
020 |a 9788057019671  |q (viazané) 
035 |a urn:nbn:sk:snk-am00gmb0 
035 |a urn:nbn:sk:snk-am3j6mf 
035 |a 0863CE8E-6A61-4A63-8AFF-6C4A90CB57C3 
040 |a SNK  |b slo  |c SNK  |e rda 
041 0 |a slo 
043 |a e-xo--- 
044 |a xo  |c SK 
072 7 |a 792  |x Divadlo. Divadelné predstavenia  |2 konspekt 
072 7 |a 782  |x Divadelná hudba. Opera, opereta, muzikál  |2 konspekt 
080 |a 792.5  |2 2001 
080 |a 782  |2 2011 
080 |a (437.6)  |2 2011 
080 |a (048.8)  |2 2011 
100 1 |a Varkondová, Alia Krista,  |d 1941-2021  |4 aut  |9 202870 
245 1 0 |a Spoza roztrhnutej opony - nielen opernej  |c Allia Christa Varkondová 
250 |a Prvé vydanie 
264 1 |a [Bratislava]  |b Štefan Vakonda  |c 2020 
300 |a 429 strán  |b fotografie  |c 31 cm 
336 |a text  |b txt  |2 rdacontent 
336 |a statický obraz  |b sti  |2 rdacontent 
337 |a bez média  |b n  |2 rdamedia 
338 |a zväzok  |b nc  |2 rdacarrier 
500 |a Miesto vydania podľa NA ISBN 
500 |a Publikácia vydaná k 30. výročiu Klubu priateľov Opery SND a k 100. výročiu Slovenského národného divadla 
610 2 7 |a Slovenské národné divadlo.  |b Opera  |2 SNKKA  |9 65024 
610 2 7 |a Klub priateľov opery SND  |2 SNKKA  |9 35080 
650 0 7 |a hudobné divadlo  |2 SNKPH  |9 84721 
650 0 7 |a opera  |2 SNKPH  |9 3212 
650 0 7 |a Music theater  |2 SNKPHeng  |9 421879 
650 0 7 |a opera  |2 SNKPHeng  |9 3212 
651 7 |a Bratislava (Slovensko)  |2 SNKPHgeo  |9 14568 
655 7 |a monografie  |2 SNKPH  |9 70139 
655 7 |a Monographs  |2 SNKPH  |9 120675 
700 1 |a Bergerová, Xénia,  |d 1977-  |4 ill  |9 42437 
919 |a 978-80-570-1967-1 
999 |c 1038898  |d 1040828 
952 |a SNK  |b SNK  |y PREZ  |7 0  |p 17A1443118  |o snkSB 95895  |i snk2020/16301  |8 0  |0 0  |1 0  |4 0  |d 2020-09-16  |f 1  |l 0  |r 2025-05-19 00:00:00  |w 2026-02-24 
952 |a SNK  |b SNK  |y VYP  |7 0  |p 17A1443119  |o snkSB 95895 D1  |i snk2020/16302  |8 0  |0 0  |1 0  |4 0  |d 2020-09-16  |l 0  |r 2026-02-24 14:16:54  |w 2026-02-24